5HLuxD.jpg

KING HENRY VIII SENIOR AND PRIMARY SCHOOL LIBRARY OPAC

The historian : (Record no. 5)

000 -LEADER
fixed length control field 01187cam a2200349Ia 4500
001 - CONTROL NUMBER
control field 433134153
003 - CONTROL NUMBER IDENTIFIER
control field OCoLC
005 - DATE AND TIME OF LATEST TRANSACTION
control field 20230115143949.0
008 - FIXED-LENGTH DATA ELEMENTS--GENERAL INFORMATION
fixed length control field 090825r20092005nyub 000 1 eng
020 ## - INTERNATIONAL STANDARD BOOK NUMBER
International Standard Book Number 9780316070638 (pbk.)
020 ## - INTERNATIONAL STANDARD BOOK NUMBER
International Standard Book Number 0316070637 (pbk.)
035 ## - SYSTEM CONTROL NUMBER
System control number (OCoLC)433134153
Canceled/invalid control number (OCoLC)318878475
-- (OCoLC)732746182
040 ## - CATALOGING SOURCE
Original cataloging agency AMP
Language of cataloging eng
Transcribing agency AMP
Modifying agency BTCTA
-- YDXCP
-- FYM
-- BDX
-- LF3
-- CGP
-- OCLCQ
-- P4I
-- NYP
-- KH8
082 04 - DEWEY DECIMAL CLASSIFICATION NUMBER
Classification number FIC KOS
Edition number 23
100 1# - MAIN ENTRY--PERSONAL NAME
Personal name Kostova, Elizabeth.
245 14 - TITLE STATEMENT
Title The historian :
Remainder of title a novel /
Statement of responsibility, etc. Elizabeth Kostova.
260 ## - PUBLICATION, DISTRIBUTION, ETC.
Place of publication, distribution, etc. New York :
Name of publisher, distributor, etc. Back Bay Books,
Date of publication, distribution, etc. 2009, c2005.
300 ## - PHYSICAL DESCRIPTION
Extent xvi, 676 p. :
Dimensions 21 cm.
500 ## - GENERAL NOTE
General note Includes reading group guide.
520 ## - SUMMARY, ETC.
Summary, etc. A young woman finds old papers which begin to reveal an ancient and evil plot concerning Vlad the Impaler and the legend of Dracula, which may still be continuing.
650 #0 - SUBJECT ADDED ENTRY--TOPICAL TERM
Topical term or geographic name entry element Vampires
Form subdivision Fiction.
655 #0 - INDEX TERM--GENRE/FORM
Genre/form data or focus term Occult fiction, American.
655 #0 - INDEX TERM--GENRE/FORM
Genre/form data or focus term Horror tales, American.
655 #7 - INDEX TERM--GENRE/FORM
Genre/form data or focus term Paranormal fiction.
Source of term lcgft.
655 #7 - INDEX TERM--GENRE/FORM
Genre/form data or focus term Horror fiction.
Source of term lcgft.
901 ## - LOCAL DATA ELEMENT A, LDA (RLIN)
a jmd
b CATBL
901 ## - LOCAL DATA ELEMENT A, LDA (RLIN)
a MARS
908 14 - PUT COMMAND PARAMETER (RLIN)
Put command parameter PS3611
942 ## - ADDED ENTRY ELEMENTS (KOHA)
Source of classification or shelving scheme
Koha item type Books - Fiction
945 ## - LOCAL PROCESSING INFORMATION (OCLC)
a .b201616907
946 ## - LOCAL PROCESSING INFORMATION (OCLC)
a m
Holdings
Withdrawn status Lost status Source of classification or shelving scheme Damaged status Not for loan Collection code Permanent Location Current Location Shelving location Date acquired Total Checkouts Full call number Barcode Date last seen Date last checked out Price effective from Koha item type
          Fiction KH8 Senior School Library KH8 Senior School Library Fiction 2019-06-13 2 FIC KOS 3KHSL000101061 2024-07-17 2022-05-13 2019-06-13 Books - Fiction

Powered By KH8 IT Dept